Przydomki klubów Piłkarskich #1 - Statystyki

Ogólne statystyki
  • Ten quiz został rozwiązany 478 razy
  • Średni wynik to 7 z 13
Statystyki odpowiedzi
Hint Odpowiedź % Poprawnych
The Blues Chelsea
95%
The Gunners Arsenal
81%
Wojskowi Legia Warszawa
81%
Portowcy Pogoń Szczecin
70%
Aptekarze Bayer Leverkusen
62%
Kanarki Norwich City
51%
Czarne Koszule Polonia Warszawa
45%
Szerszenie Watford
44%
Niebiescy Ruch Chorzów
42%
Barany Derby County
37%
Żyrondyści Bordeaux
28%
Czarne koty Sunderland
25%
Fiołki Anderlecht
10%
Nie znaleziono quizów pasujących do podanych kryteriów
Rozkład punktacji
Procent ludzi z każdym wynikiem
Percentyl według liczby udzielonych odpowiedzi
Twoja historia wyników
Nie rozwiązałeś tego quizu